Resúmen de estado del Instituto Provincial de Badajoz durante el año académico de 1876 á 1877 / (Record no. 155948)
[ view plain ]
| 000 -LEADER | |
|---|---|
| campo de control de longitud fija | 00972nam a2200193 i 4500 |
| 001 - NÚMERO DE CONTROL | |
| campo de control | 155948 |
| 003 - IDENTIFICADOR DE NÚMERO DE CONTROL | |
| campo de control | ES-MaACL |
| 005 - FECHA Y HORA DE LA ÚLTIMA TRANSACCIÓN | |
| campo de control | 20250909230534.0 |
| 008 - DATOS DE LONGITUD FIJA--INFORMACIÓN GENERAL | |
| campo de control de longitud fija | 011123s1877 sp |||| | spa d |
| 040 ## - FUENTE DE CATALOGACIÓN | |
| Centro catalogador/agencia de origen | EXT |
| Lengua de catalogación | spa |
| Centro/agencia transcriptor | EXT |
| 110 2# - ENTRADA PRINCIPAL--NOMBRE DE ENTIDAD CORPORATIVA | |
| Nombre de entidad corporativa o nombre de jurisdicción como elemento de entrada | Instituto de Segunda Enseñanza de la Provincia de Badajoz. |
| 9 (RLIN) | 134558 |
| 245 10 - MENCIÓN DEL TÍTULO | |
| Título | Resúmen de estado del Instituto Provincial de Badajoz durante el año académico de 1876 á 1877 / |
| Mención de responsabilidad, etc. | leido por su secretario Don Carlos Soler y Arqués en el acto de apertura de estudios celebrada en 1º de octubre de 1877. |
| 260 ## - PUBLICACIÓN, DISTRIBUCIÓN, ETC. | |
| Lugar de publicación, distribución, etc. | Badajoz : |
| Nombre del editor, distribuidor, etc. | [s.n.], |
| Fecha de publicación, distribución, etc. | 1877 ( |
| Fabricante | establecimiento tipográfico de la Viuda de Arteaga) |
| 300 ## - DESCRIPCIÓN FÍSICA | |
| Extensión | 24, [13] p. ; |
| Dimensiones | 21 cm. |
| 610 24 - PUNTO DE ACCESO ADICIONAL DE MATERIA--NOMBRE DE ENTIDAD CORPORATIVA | |
| Nombre de entidad corporativa o nombre de jurisdicción como elemento de entrada | Instituto de Segunda Enseñanza de la Provincia de Badajoz- |
| Subdivisión general | Memorias. |
| 9 (RLIN) | 160839 |
| 700 11 - ENTRADA AGREGADA--NOMBRE PERSONAL | |
| Nombre de persona | Soler y Arqués, Carlos, |
| Fechas asociadas al nombre | 1836-1896 |
| 9 (RLIN) | 132802 |
| 852 ## - LOCALIZACIÓN | |
| Ubicación | ES-MaACL |
| Número de control de estantería | T-707-F-4 |
| Nota libre | -- Enc. hol., conservando la enc. original |
| -- | -- Enc. en un vol. facticio |
| Estatus retirado | Estado de pérdida | Estado de daño | No para préstamo | Colección | Biblioteca de origen | Biblioteca actual | Ubicación en estantería | Fecha de adquisición | Total de préstamos | Signatura topográfica completa | Código de barras | Visto por última vez | Precio de reemplazo | Tipo de ítem Koha |
|---|---|---|---|---|---|---|---|---|---|---|---|---|---|---|
| Colección de folletos | Biblioteca del Ateneo de Madrid | Biblioteca del Ateneo de Madrid | Depósito folletos | 17/01/2008 | T-707-F-4 | 1163146 | 23/02/2023 | 23/02/2023 | Folleto |
